000
00243nam a2200097Ia 4500
001
734404
005
20250826163833.0
008
250824s9999 xx 000 0 und d
245
0
_a
MUTLULUK SAĞLIKTIR
_c
PROF.DR.SEFA SAYGILI
260
_b
YEDİVEREN
999
_c
734404
_d
734404